CONTEMPORARY SOCIAL PROBLEMS (Record no. 1622)

MARC details
000 -LEADER
fixed length control field 00282nam a22001097a 4500
008 - FIXED-LENGTH DATA ELEMENTS--GENERAL INFORMATION
fixed length control field 150828b xxu||||| |||| 00| 0 eng d
020 ## - INTERNATIONAL STANDARD BOOK NUMBER
International Standard Book Number 015513793
082 ## -
Classification number 361.1 CON
245 ## - TITLE STATEMENT
Title CONTEMPORARY SOCIAL PROBLEMS
250 ## - EDITION STATEMENT
Edition statement 4 ED.
260 ## - PUBLICATION, DISTRIBUTION, ETC. (IMPRINT)
Place of publication, distribution, etc. NEW YORK
Name of publisher, distributor, etc. HARCOUT BRACE JOVANOVICH
Date of publication, distribution, etc. 1976
Holdings
Withdrawn status Lost status Source of classification or shelving scheme Damaged status Koha normalized classification for sorting Not for loan Home library Current library Shelving location Date acquired Total Checkouts Full call number Barcode Date last seen Price effective from Koha item type
    Dewey Decimal Classification   361_100000000000000_CON   Dodoma Dodoma Ground Floor 28/08/2015   361.1 CON 000000009503 29/07/2019 28/08/2015 BOOKS

IRDP © 2021 :: Managed by ICT Team